000 00356nam a22001697a 4500
003 UA-OsUOA
001 4097
007 ta
008 20050721b un ||||| |||| 00| 0 ukr d
100 _aChamberlain
700 _aElinor
942 _cBK
040 _aUA-OsUOA
_cUA-OsUOA
_dUA-OsUOA
245 _aA. Henrys American Scenes.
955 _a2
650 7 _2UDC
999 _c290259
_d290259